Statistics for New Zealand All Blacks Rugby - Southern Hemisphere Venues

Click here to take the quiz!

General Stats

  • This quiz has been taken 32 times
    (3 since last reset)
  • The average score is 10 of 26

Answer Stats

City% Correct
Apia
100%
Auckland
100%
Sydney
100%
Wellington
100%
Bloemfontein
50%
Brisbane
50%
Buenos Aires
50%
Cape Town
50%
Christchurch
50%
Hamilton
50%
Johannesburg
50%
Mendoza
50%
Napier
50%
Perth
50%
Pretoria
50%
Dunedin
0%
Durban
0%
Gold Coast
0%
La Plata
0%
Melbourne
0%
Nelson
0%
Newcastle
0%
New Plymouth
0%
Port Elizabeth
0%
Rustenburg
0%
Townsville
0%

Score Distribution

Percentile by Number Answered

Percent of People with Each Score

Your Score History

You have not taken this quiz since the last reset